Concepts et catégories dans la pensée antique / (Record no. 46418)

MARC details
000 -LEADER
campo de control de longitud fija 00741nam a2200229 i 4500
001 - NÚMERO DE CONTROL
campo de control 46418
003 - IDENTIFICADOR DE NÚMERO DE CONTROL
campo de control ES-MaACL
005 - FECHA Y HORA DE LA ÚLTIMA TRANSACCIÓN
campo de control 20230906161359.0
007 - CAMPO FIJO DE DESCRIPCIÓN FÍSICA--INFORMACIÓN GENERAL
campo de control de longitud fija t|
008 - DATOS DE LONGITUD FIJA--INFORMACIÓN GENERAL
campo de control de longitud fija 030328s1980 fr ||||1| fre d
245 00 - MENCIÓN DEL TÍTULO
Título Concepts et catégories dans la pensée antique /
Mención de responsabilidad, etc. sous la direction de Pierre Aubenque ; par Remi Brague ... [et al.].
260 ## - PUBLICACIÓN, DISTRIBUCIÓN, ETC.
Lugar de publicación, distribución, etc. Paris :
Nombre del editor, distribuidor, etc. J. Vrin,
Fecha de publicación, distribución, etc. 1980.
300 ## - DESCRIPCIÓN FÍSICA
Extensión XIV, 358 p. ;
Dimensiones 24 cm.
490 1# - MENCIÓN DE SERIE
Mención de serie Bibliothèque d'histoire de la philosophie
500 ## - NOTA GENERAL
Nota general Indice.
504 ## - NOTA DE BIBLIOGRAFÍA, ETC.
Nota de bibliografía, etc. Bibliografía.
700 1# - ENTRADA AGREGADA--NOMBRE PERSONAL
Nombre de persona Aubenque, Pierre.
9 (RLIN) 23787
700 1# - ENTRADA AGREGADA--NOMBRE PERSONAL
Nombre de persona Brague, Rémi.
9 (RLIN) 31286
830 0# - PUNTO DE ACCESO ADICIONAL DE SERIE-TÍTULO UNIFORME
Título uniforme Bibliothèque d'histoire de la philosophie
9 (RLIN) 177275
852 ## - LOCALIZACIÓN
Ubicación ES-MaACL
Número de control de estantería L-11876
Sublocalización o colección R.113822
Holdings
Estatus retirado Estado de pérdida Estado de daño No para préstamo Biblioteca de origen Biblioteca actual Ubicación en estantería Fecha de adquisición Fuente de adquisición Total de préstamos Signatura topográfica completa Código de barras Visto por última vez Precio de reemplazo Tipo de ítem Koha
        Biblioteca del Ateneo de Madrid Biblioteca del Ateneo de Madrid Depósito 2 17/01/2008     L-11876 1048818 23/02/2023 23/02/2023 Libro impreso